00825nam a22002292 4500001001100000005001700011008004100028020002700069040001500096245011600111260003400227300001600261650002500277650005200302650002700354700003900381700003700420908001100457950000600468999001500474952010600489000000925920151217152052.0080917s xx 000 0 eng d a0521007763 :cKES 2800 aKABUcKABU14aThe Psychology of abilities, competencies, and expertise /cedited by Robert J. Sternberg, Elena L. Grigorenko. aCambridge :bC. U. P.,c2003. axi, 280 p. 0aAbility.@0000160425 0aPerformancexPsychological aspects.@0000160426 0aExpertise.@00001604271 a Sternberg, Robert J.@00001579701 aGrigorenko, Elena L.@0000160428 a080917 @1 c7852d7852 00102lcc70aKABUbKABUd2015-12-17l0oBF431 .P79 c. 1p009289r2024-08-02 00:00:00w2015-12-17yBK